Modelovanie národného hospodárstva ČSSR ako dvojoblastného systému záverečná čiastková úloha SPEV 1-7/1.2.

Gespeichert in:
Bibliographische Detailangaben
1. Verfasser: Kopernický, M.
Weitere Verfasser: Vaškovič, V.
Format: Buch
Sprache:Slowakisch
Veröffentlicht: Bratislava Výskumný ústav oblastného plánovania 1979
Schriftenreihe:Výskumné práce č. 115
Tags: Tag hinzufügen
Keine Tags, Fügen Sie das erste Tag hinzu!

MARC

LEADER 00000nam a2200000 4500
001 0229916
005 20240822101705.9
041 0 |a slo 
044 |a SK 
245 1 0 |a Modelovanie národného hospodárstva ČSSR ako dvojoblastného systému  |b záverečná čiastková úloha SPEV 1-7/1.2.  |c M. Kopernický, V. Vaškovič 
264 1 |a Bratislava  |b Výskumný ústav oblastného plánovania  |c 1979 
300 |a 63, 18 s. 
490 1 |a Výskumné práce  |v č. 115 
830 0 |a Výskumné práce  |v č. 115 
100 1 |a Kopernický, M. 
700 1 |a Vaškovič, V.